000
00257nam a22001097a 4500
008
160512b xxu||||| |||| 00| 0 eng d
020
_a
9786082290812
041
_a
eng
080
_a
612.39
245
_a
Ullinje e tryezes:
_c
Gardio Fernandez;
942
_2
udc
_c
BK
999
_c
2115
_d
2115